000 00827nam a22002057a 4500
999 _c4678
_d4678
003 AR-CdUCM
008 190311b ||||| |||| 00| 0 spa d
040 _aMUNICIPALIDAD PROVINCIAL DEL CUSCO
_cBIBLIOTECA MUNICIPAL DEL CUSCO
082 _a923.303 /
_bG16
100 _aGalvani ,Victoria
_914540
245 _aDomingo Fausto Sarmiento /
260 _aMadrid :
_bEdiciones de Cultura Hispanica ,
_c1990.
300 _a181 páginas ;
_c24 cm.
440 _aEdiciones de Cultura Hispanica
_n13
_914541
505 _aContenido : Sarmiento, Sú epoca, su obra -- El Pensamiento Político : America -- El Pensamiento Político -- El Pensamiento Económico -- El Pensamiento Pedagógico...
650 _aSociologo
_914074
650 _aAntropologia de Masas
_96888
650 _aEstudio de Pensamientos
_914542
942 _2ddc
_cLIBROS